000 01447nam0a22002891 4500
001 rc\4333549
005 20130416133522.7
021 _aRU
_b[67-69198]
035 _a(NLR Aleph) 008519337
090 _a8218467
_c8218467
100 _a20130416d1967 |||y0rusy50 ca
101 0 _arus
102 _aRU
105 _aa z |||||
200 1 _aОпыт применения триэтаноламина для газовой нитроцементации
_fМ-во тяжелого, энерг. и трансп. машиностроения. Науч.-исслед. ин-т информации по тяжелому, энерг. и трансп. машиностроению
210 _aМосква
_cБ. и.
_d1967
215 _a28 с.
_cил.
_d21
225 1 _aТехнология, организация и механизация процессов термической и химико-термической обработки и покрытия металлов
_v13-67-2
300 _aНа обл. авт. не указан
606 _aНитроцементация газовая
_2psbo
606 _aТриэтаноламин
_xПрименение при химико-термической обработке металлов
_2psbo
700 1 _aГугель
_bС. М.
_gСавелий Михайлович
801 0 _aRU
_bNLR
_gpsbo
801 1 _aRU
_bELAR
_2rusmarc
852 _aNLR
_jП10/3455
942 _cBOOK
980 _aNB